[Event "Kaliningrad Amateur U20"]
[Site "Kaliningrad"]
[Date "2019.06.18"]
[Round "8.3"]
[White "Lezin, Aleksandr"]
[Black "Novikov, Nikita"]
[Result "0-1"]
[WhiteElo "1354"]
[BlackElo "1254"]
[PlyCount "81"]
[EventDate "2019.06.13"]
[EventType "swiss"]
[EventRounds "9"]
[EventCountry "RUS"]
[SourceTitle "EXT 2022"]
[Source "ChessBase"]
[SourceDate "2021.10.06"]
[SourceVersion "1"]
[SourceVersionDate "2021.10.06"]
[SourceQuality "1"]

1. e4 e5 2. Nf3 Nc6 3. d4 exd4 4. Nxd4 Nf6 5. Nxc6 bxc6 6. Bd3 Bc5 7. e5 Nd5 8. 0-0 0-0 9. Nd2 d6 10. Ne4 Bb6 11. Qh5 g6 12. Qh6 dxe5 13. Bg5 f6 14. Bh4 Bf5 15. Kh1 Qe7 16. Rg1 Qe6 17. Rad1 Bxe4 18. Bxe4 Ne7 19. Rge1 Nf5 20. Bxf5 Qxf5 21. Qd2 Qe6 22. Qc3 c5 23. f4 Rae8 24. fxe5 fxe5 25. Bg3 e4 26. Rd2 Qg4 27. Qc4+ Qe6 28. Qa4 c4 29. Rde2 e3 30. h3 Qf7 31. Qc6 Rd8 32. Bh2 Rd2 33. Bg1 Rxe2 34. Rxe2 Qf1 35. Qxc4+ Kg7 36. Kh2 c6 37. Bxe3 Bc7+ 38. g3 Bxg3+ 39. Kxg3 Rf3+ 40. Kh4 Qxh3+ 41. Kg5 0-1